Report of the Joint Committee of the displaced persons (compensation and rehabilitation) bill, 1954 (Record no. 490298)

000 -LEADER
fixed length control field 00602cam a22001457a 4500
008 - FIXED-LENGTH DATA ELEMENTS--GENERAL INFORMATION
fixed length control field 180718b1954 xxu||||| |||| 00| 0 eng d
082 ## - DEWEY DECIMAL CLASSIFICATION NUMBER
Classification number D8903x54 In2b/1954
100 ## - MAIN ENTRY--PERSONAL NAME
Personal name India. Joint Committee and displaced persons (conpensation and rehabilitation bill)
245 ## - TITLE STATEMENT
Title Report of the Joint Committee of the displaced persons (compensation and rehabilitation) bill, 1954
Statement of responsibility, etc. by Lok Sabha Secretariat
260 ## - PUBLICATION, DISTRIBUTION, ETC.
Place of publication, distribution, etc. New Delhi
Name of publisher, distributor, etc. Lok Sabha Secretariat
Date of publication, distribution, etc. 1954
300 ## - PHYSICAL DESCRIPTION
Extent 52+p.
500 ## - GENERAL NOTE
General note Chairman: Thakur Das Bhargava
700 ## - ADDED ENTRY--PERSONAL NAME
Personal name India. Lok Sabha Secretariat
700 ## - ADDED ENTRY--PERSONAL NAME
Personal name Bhargava, Thakur Das (Chairman)
Holdings
Withdrawn status Lost status Damaged status Not for loan Permanent Location Current Location Date acquired Full call number Barcode Date last seen Price effective from Koha item type
        Indian Institute of Public Administration Indian Institute of Public Administration 2018-08-04 D8903x54 In2b/1954 GG5725 2018-08-04 2018-08-04 GG

Powered by Koha